Gaming Quiz

Random Gaming or Video Games Quiz
Score 0/12 Timer 06:00
0 Plays Today
Question Answer % Correct
GenderFemale
89.7%
Ultimate AbilityCare Package
82.8%
Friend in the GamesOctane
80.5%
Trait/DescriptionCombat Medic
74.7%
Age24
73.6%
Full NameAjay Che
66.7%
Passive AbilityCombat Medic
66.7%
Legend TypeSupport
66.7%
Tactical AbilityD.O.C Heal Drone
52.9%
Heirloom WeaponShock Batons
46%
Home PlanetPsamanthe
20.7%
She previously enlisted in the...Frontier Corps
17.2%
Remove Ads.
Support Sporcle.
Get the best of Sporcle when you Go Orange. This ad-free experience offers more features, more stats, and more fun while also helping to support Sporcle. Thank you for becoming a member.

You're not logged in!

Compare scores with friends on all Sporcle quizzes.
OR
Log In

Sporcle TV

Today on Sporcle TV


Watch our educational content, quiz creation guides, and fun videos on Sporcle TV.

Show Comments

Extras

Top Quizzes Today


Score Distribution

Paid Content

Your Account Isn't Verified!

In order to create a playlist on Sporcle, you need to verify the email address you used during registration. Go to your Sporcle Settings to finish the process.

Report this User

Report this user for behavior that violates our Community Guidelines.

Details: